Top 100 Biggest Cities in Countries that Start with T - Statistics

General Stats
  • This quiz has been taken 174 times
  • The average score is 27 of 100
Answers on the Map
Answers color-coded by a green-red scale on the quiz's map according to % correct below.
 
Answer Stats
Country City Population % Correct
Thailand Bangkok 8,305,218
97%
Turkey Ankara 5,036,238
96%
Turkey Istanbul 15,113,808
96%
Taiwan Taipei 2,645,041
96%
Tunisia Tunis 638,845
94%
Tanzania Dar es Salaam 4,364,541
88%
Turkey Izmir 2,956,772
86%
Tanzania Dodoma 213,636
85%
Turkmenistan Ashgabat 827,500
83%
Togo Lome 2,173,800
83%
Tajikistan Dushanbe 863,400
82%
Turkey Antalya 1,240,891
74%
Turkey Bursa 1,968,867
66%
Thailand Phuket 258,480
61%
Turkey Adana 1,737,268
58%
Turkey Gaziantep 1,667,546
57%
Tanzania Zanzibar 501,459
53%
Tunisia Sfax 272,801
52%
Taiwan Kaohsiung 2,773,198
51%
Turkey Konya 1,300,605
50%
Taiwan New Taipei City 4,018,696
50%
Turkey Batman 434,225
49%
Thailand Chiang Mai 336,007
46%
Taiwan Taichung 2,815,261
43%
Tunisia Sousse 221,530
42%
Turkey Van 497,443
40%
Turkey Diyarbakir 1,035,036
39%
Turkey Kayseri 955,542
36%
Turkey Mersin 996,494
36%
Turkey Samsun 617,788
35%
Taiwan Tainan 1,880,906
35%
Turkey Trabzon 286,328
35%
Tanzania Mwanza 706,453
30%
Turkmenistan Turkmenabat 256,000
30%
Tanzania Arusha 416,442
28%
Thailand Pattaya 320,262
28%
Turkey Eskişehir 765,669
25%
Turkey İzmit 335,165
25%
Taiwan Taoyuan 2,249,037
23%
Turkey Antakya 348,186
21%
Thailand Chon Buri 321,149
21%
Turkey Erzurum 410,543
21%
Turkey Çorlu 288,692
20%
Turkey Denizli 623,285
19%
Tanzania Mbeya 385,279
17%
Turkey Şanlıurfa 577,218
17%
Turkey Malatya 475,261
16%
Turkey Gebze 708,304
14%
Turkey Isparta 243,020
14%
Thailand Nonthaburi 415,138
14%
Turkey Sivas 353,175
14%
Tanzania Tanga 221,127
14%
Turkey Kahramanmaraş 538,490
13%
Tajikistan Khujand 183,600
13%
Turkmenistan Dashoguz 210,000
12%
Taiwan Hsinchu 448,803
12%
Turkey İskenderun 186,808
11%
Tanzania Moshi 184,292
11%
Turkey Aydin 249,244
10%
Turkey Balikesir 306,264
10%
Thailand Hat Yai 392,593
10%
Tanzania Morogoro 305,840
10%
Turkey Osmaniye 237,476
10%
Thailand Udon Thani 200,705
10%
Turkey Elâzığ 377,906
9%
Thailand Nakhon Ratchasima 213,577
9%
Turkey Bolu 178,038
8%
Taiwan Chiayi 267,690
8%
Turkey Manisa 372,512
8%
Turkey Silivri 181,997
8%
Thailand Songkhla 183,666
8%
Turkey Tarsus 267,608
8%
Turkey Adapazari 525,854
7%
Turkey Aksaray 231,302
7%
Taiwan Keelung 368,893
7%
Thailand Khon Kaen 416,475
7%
Tanzania Kigoma 215,458
7%
Turkey Kirikkale 190,818
7%
Turkey Uşak 223,029
7%
Turkey Adiyaman 260,820
6%
Turkey Afyonkarahisar 239,710
6%
Turkey Çorum 267,031
6%
Turkey Düzce 181,184
6%
Turkey Kütahya 252,633
6%
Thailand Pak Kret 231,594
6%
Thailand Rayong 267,521
6%
Tanzania Songea 203,309
6%
Taiwan Pingtung 198,990
4%
Taiwan Changhua 232,259
3%
Turkey İnegöl 221,356
3%
Turkey Kiziltepe 184,057
3%
Thailand Samut Sakhon 247,616
3%
Taiwan Zhubei 194,516
3%
Thailand Si Racha 277,395
1%
Turkey Karaköprü 189,608
0%
Thailand Khlong Luang 275,362
0%
Thailand Krathum Baen 185,771
0%
Thailand Phra Pradaeng 246,347
0%
Thailand Samut Prekan 681,000
0%
Thailand Thanyaburi 227,699
0%
No matching quizzes found
Score Distribution
Percent of People with Each Score
Percentile by Number Answered
Your Score History
You have not taken this quiz